| 000 | 00564nam a22001697a 4500 | ||
|---|---|---|---|
| 003 | OSt | ||
| 005 | 20251118112144.0 | ||
| 008 | 251118b |||||||| |||| 00| 0 eng d | ||
| 040 |
_aDWCL-Main lib _cOC |
||
| 082 | _aFil. 336.2 T112c 2018 | ||
| 100 | _aTabag, Enrico D. | ||
| 245 |
_aCPA reviewer in taxation with special topics/ _cEnrico D. Tabag |
||
| 260 |
_a Manila, Philippines : _bProfessional review and training center(PRTC), _cc2018. |
||
| 300 |
_a ii, 739 pages : _billustrations ; _c24cm. |
||
| 650 | _a1. Taxation | ||
| 942 |
_2ddc _cBK - FIL _kFil. _n0 |
||
| 999 |
_c5775 _d5775 |
||